[Event "Titled Tue 27th May Late"]
[Site "chess.com INT"]
[Date "2025.05.27"]
[Round "3"]
[White "Wang, Daniel"]
[Black "Amarasinghe, A A C B"]
[Result "1-0"]
[WhiteTitle "CM"]
[BlackTitle "CM"]
[WhiteElo "2030"]
[BlackElo "1949"]
[WhiteFideId "3238873"]
[BlackFideId "9901809"]
[EventDate "2025.05.27"]

1. e4 e6 2. d4 d5 3. exd5 exd5 4. Bd3 Nc6 5. Nf3 Bg4 6. c3 Bd6 7. O-O Nge7 8. h3
Bh5 9. Nbd2 Qd7 10. Qc2 O-O-O 11. b4 Rde8 12. a4 f6 13. a5 Kb8 14. b5 Nd8 15.
Ba3 g5 16. Bxd6 Qxd6 17. c4 Bg6 18. c5 Qd7 19. b6 Bxd3 20. Qxd3 Qf5 21. bxc7+
Kxc7 22. Qb5 Qd7 23. Qb3 h5 24. a6 g4 25. axb7 Ndc6 26. Nh2 gxh3 27. Qg3+ Kxb7
28. Rfb1+ Ka8 29. Qf4 Rhg8 30. g3 Nf5 31. Nhf3 h4 32. Nxh4 Nxh4 33. Qxh4 Re4 34.
Nxe4 dxe4 35. Qxe4 Re8 36. Qf3 h2+ 37. Kh1 f5 38. Rb6 Rc8 39. Raa6 1-0

[Event "Titled Tue 27th May Late"]
[Site "chess.com INT"]
[Date "2025.05.27"]
[Round "3"]
[White "Kalyani Sirin"]
[Black "Materia, Marco"]
[Result "0-1"]
[WhiteTitle "WFM"]
[BlackTitle "IM"]
[WhiteElo "2136"]
[BlackElo "2489"]
[WhiteFideId "33323500"]
[BlackFideId "45150451"]
[EventDate "2025.05.27"]

1. e4 c6 2. d4 d5 3. e5 Bf5 4. h4 h5 5. Bd3 Bxd3 6. Qxd3 e6 7. Nf3 Ne7 8. O-O
Nf5 9. Bg5 Be7 10. Bxe7 Qxe7 11. g3 Nd7 12. Nbd2 O-O-O 13. a4 c5 14. c4 dxc4 15.
Nxc4 cxd4 16. Nxd4 Nxd4 17. Qxd4 Kb8 18. Qf4 Nf8 19. Nd6 Rd7 20. Rac1 Ng6 21.
Qc4 a6 22. Nc8 Nxe5 23. Qc3 Qf6 24. Nb6 Re7 25. a5 Nf3+ 26. Kg2 Qxc3 27. Rxc3
Ne5 28. Rfc1 Nc6 29. b4 Rd8 30. Rc5 e5 31. b5 axb5 32. a6 Nd4 33. Rc8+ Rxc8 34.
a7+ Kxa7 35. Nxc8+ Kb8 36. Nxe7 b4 37. Nd5 b3 38. Rb1 Ka7 39. Ne3 Ka6 40. Nc4
Kb5 41. Nd2 Kb4 42. Kf1 Kc3 43. Ke1 b2 44. Kd1 Nb5 45. Ne4+ Kb3 46. Nc5+ Ka2 47.
Kc2 Na3+ 0-1

[Event "Titled Tue 27th May Late"]
[Site "chess.com INT"]
[Date "2025.05.27"]
[Round "3"]
[White "Reinecke, Katharina"]
[Black "Yevchenko, Oleksandr"]
[Result "0-1"]
[WhiteTitle "WCM"]
[BlackTitle "CM"]
[WhiteElo "1921"]
[BlackElo "2276"]
[WhiteFideId "12929727"]
[BlackFideId "14108267"]
[EventDate "2025.05.27"]

1. d4 Nf6 2. Nf3 d5 3. g3 c5 4. Bg2 Nc6 5. O-O e6 6. c4 dxc4 7. dxc5 Qxd1 8.
Rxd1 Bxc5 9. a4 O-O 10. Na3 c3 11. bxc3 Ne4 12. e3 Nxc3 13. Rd3 Ne2+ 14. Kf1
Nxc1 15. Rxc1 Bxa3 16. Rxa3 Bd7 17. Nd4 Nxd4 18. exd4 Rac8 19. Rac3 Rxc3 20.
Rxc3 Bxa4 21. Bxb7 Bb5+ 22. Kg2 Rb8 23. Bf3 Kf8 24. d5 exd5 25. Bxd5 Rd8 26. Bb3
Rd7 27. Rc8+ Ke7 28. Rc5 a6 29. Bc4 Bxc4 30. Rxc4 Ra7 31. Ra4 a5 32. f4 Kd6 33.
Kf3 Kc5 34. g4 Kb5 35. Ra1 h6 36. h4 a4 37. g5 h5 38. f5 a3 39. Kg2 Kb4 40. Kf2
Kb3 41. f6 g6 42. Ke2 Kb2 43. Rd1 a2 44. Rd2+ Kc3 45. Rd3+ Kc4 46. Rd1 a1=Q 47.
Rxa1 Rxa1 48. Kf3 Ra3+ 49. Ke4 Ra1 50. Ke5 Rd1 51. Kf4 Kd5 0-1

[Event "Titled Tue 27th May Late"]
[Site "chess.com INT"]
[Date "2025.05.27"]
[Round "3"]
[White "Topuz, Mirac Melih"]
[Black "Kislinsky, Alexey"]
[Result "0-1"]
[WhiteTitle "CM"]
[BlackTitle "GM"]
[WhiteElo "2130"]
[BlackElo "2350"]
[WhiteFideId "26364611"]
[BlackFideId "14108801"]
[EventDate "2025.05.27"]

1. d4 d5 2. c4 dxc4 3. e3 Nf6 4. Nf3 e6 5. Bxc4 a6 6. O-O b5 7. Bd3 Bb7 8. Re1
Nbd7 9. e4 Be7 10. a3 c5 11. d5 exd5 12. e5 Ne4 13. Nbd2 O-O 14. Nxe4 dxe4 15.
Bxe4 Bxe4 16. Rxe4 Nxe5 17. Qxd8 Nxf3+ 18. gxf3 Bxd8 19. Be3 Rc8 20. Rd1 Bf6 21.
Rd6 Bxb2 22. Rxa6 c4 23. a4 c3 24. axb5 c2 25. Rc6 c1=Q+ 26. Bxc1 Bxc1 27. Rec4
Rxc6 28. bxc6 Bd2 29. c7 Rc8 30. Kf1 Ba5 31. Rc5 Bxc7 32. Ke2 Kf8 33. Kf1 Ke7
34. Kg2 Kd6 35. Rc2 Rb8 36. Rd2+ Ke7 37. Rd5 Bd6 38. Rd4 Rb2 39. Re4+ Kf8 40.
Rc4 g6 41. h4 h5 42. f4 f5 43. Rc6 Ke7 44. Kg3 Rb3+ 45. f3 Rb4 46. Ra6 Bxf4+ 47.
Kh3 Kf7 48. Ra5 Kg7 49. Ra8 Bc7 50. Rc8 Bb6 51. Rb8 Bc5 52. Rc8 Bf2 53. Rc7+ Kh6
54. Rc8 Bxh4 55. Rc6 Bg5 56. Rc8 Rb3 57. Kg2 Bf4 58. Rc6 Kg5 59. Re6 Rb2+ 60.
Kg1 h4 61. Kh1 h3 62. Re1 Rf2 63. Rg1+ Kh5 64. Re1 Rxf3 65. Rg1 g5 66. Rd1 Rc3
67. Kg1 Rc1 68. Kf2 Rxd1 69. Kf3 Rf1+ 70. Ke2 h2 0-1

[Event "Titled Tue 27th May Late"]
[Site "chess.com INT"]
[Date "2025.05.27"]
[Round "3"]
[White "Kucza, Karol"]
[Black "Brozynski, Patryk"]
[Result "1-0"]
[WhiteTitle "FM"]
[BlackTitle "CM"]
[WhiteElo "2316"]
[BlackElo "2219"]
[WhiteFideId "1159755"]
[BlackFideId "2512700"]
[EventDate "2025.05.27"]

1. e4 c5 2. Nf3 Nc6 3. d4 cxd4 4. Nxd4 e5 5. Nb5 d6 6. c4 a6 7. N5c3 Nf6 8. Bd3
Be7 9. O-O O-O 10. h3 Be6 11. Be3 Rc8 12. Nd5 Bxd5 13. exd5 Nb4 14. Nc3 Nxd3 15.
Qxd3 Nd7 16. b3 f5 17. f4 e4 18. Qd2 Bf6 19. Rac1 Nc5 20. Ne2 Nd3 21. Rc2 b5 22.
Nc1 bxc4 23. bxc4 Nxc1 24. Rfxc1 Qd7 25. Qa5 Ra8 26. c5 dxc5 27. Rxc5 Rfc8 28.
Rc6 h6 29. Qc5 Rd8 30. d6 Rab8 31. Qd5+ Kh8 32. Rd1 Rbc8 33. Rxa6 Rc2 34. Ra7
Qe8 35. Qxf5 Re2 36. Bb6 Rb8 37. d7 Qf8 38. Kf1 Rb2 39. d8=Q Rxd8 40. Rxd8 Rb1+
41. Ke2 Rb2+ 42. Kd1 Be7 43. Rxf8+ Bxf8 44. Qxf8+ Kh7 45. Qxg7# 1-0

[Event "Titled Tue 27th May Late"]
[Site "chess.com INT"]
[Date "2025.05.27"]
[Round "3"]
[White "Modric, Nesa"]
[Black "Diaz Cesar, Wilsaida Pieranlly"]
[Result "0-1"]
[WhiteTitle "CM"]
[BlackTitle "WFM"]
[WhiteElo "2088"]
[BlackElo "1892"]
[WhiteFideId "922579"]
[BlackFideId "6403557"]
[EventDate "2025.05.27"]

1. d4 Nf6 2. Bg5 e6 3. Nf3 d5 4. Nbd2 Be7 5. e3 b6 6. Ne5 O-O 7. Bd3 Nfd7 8. Bf4
Nxe5 9. dxe5 c5 10. c3 Ba6 11. c4 Nc6 12. a3 Qc7 13. Qc2 h6 14. Nf3 Bxc4 15.
Bxc4 dxc4 16. Qxc4 Rfd8 17. O-O Bf8 18. Rfd1 Rxd1+ 19. Rxd1 Rd8 20. Rc1 Na5 21.
Qc2 Qd7 22. h4 Qd3 23. Qa4 Qb3 24. Qxb3 Nxb3 25. Rc3 Nd2 26. Nxd2 Rxd2 27. b3
Be7 28. e4 Rd1+ 29. Kh2 Bxh4 30. b4 Be7 31. b5 Rd4 32. f3 Bg5 33. Bg3 Bd2 34.
Rb3 c4 35. Rb2 c3 36. Rc2 Rc4 37. Kg1 Ra4 38. Kf2 Rxa3 39. Ke2 Kf8 40. Kd3 Rb3
41. Kc4 Rb2 42. Kd3 Rxc2 43. Kxc2 Ke8 44. Bf2 Kd7 45. Bd4 Kc7 46. g4 g6 0-1

[Event "Titled Tue 27th May Late"]
[Site "chess.com INT"]
[Date "2025.05.27"]
[Round "3"]
[White "Ghoreishi Amiri, Seyed Kian"]
[Black "Eames, Robert S"]
[Result "1-0"]
[WhiteTitle "CM"]
[BlackTitle "FM"]
[WhiteElo "2215"]
[BlackElo "2136"]
[WhiteFideId "36757527"]
[BlackFideId "408743"]
[EventDate "2025.05.27"]

1. d4 d5 2. c4 e6 3. Nc3 c6 4. e4 dxe4 5. Nxe4 Bb4+ 6. Bd2 Qxd4 7. Bxb4 Qxe4+ 8.
Ne2 Na6 9. Bf8 Ne7 10. Bxg7 Rg8 11. Bf6 Rg6 12. Bxe7 Kxe7 13. Qd4 Qxd4 14. Nxd4
e5 15. Nf3 Nb4 16. Kd2 f6 17. a3 Na6 18. Re1 Bf5 19. Nh4 Rd8+ 20. Kc1 Rg5 21. f4
Rh5 22. Nxf5+ Rxf5 23. fxe5 Rxe5 24. Rxe5+ fxe5 25. b4 Nc7 26. c5 Nd5 27. Bc4
Ne3 28. Bb3 Rd3 29. Kb2 Rd2+ 30. Kc3 Rxg2 31. Re1 Ng4 32. Rf1 Rf2 33. Rg1 Nxh2
34. Rg7+ Ke8 35. Rxb7 Nf3 36. Rxh7 e4 37. Rh6 Kd7 38. Rd6+ Kc7 39. Re6 Nd2 40.
Ba4 Nb1+ 41. Kd4 Nxa3 42. Rxc6+ Kb7 43. Re6 Rb2 44. Re7+ Ka6 45. Kc3 Re2 46. c6
Re1 47. c7 Nb5+ 48. Bxb5+ Kxb5 49. Kd2 1-0

[Event "Titled Tue 27th May Late"]
[Site "chess.com INT"]
[Date "2025.05.27"]
[Round "3"]
[White "Dudzinski, Pawel"]
[Black "Ahmad, Khagan"]
[Result "0-1"]
[WhiteTitle "FM"]
[BlackTitle "IM"]
[WhiteElo "2191"]
[BlackElo "2405"]
[WhiteFideId "1117890"]
[BlackFideId "13431552"]
[EventDate "2025.05.27"]

1. e4 c5 2. Nc3 Nc6 3. g3 g6 4. Bg2 Bg7 5. d3 e6 6. Be3 d6 7. Qd2 Nge7 8. Bh6
Bxh6 9. Qxh6 Nd4 10. O-O-O b5 11. Nce2 b4 12. Nxd4 cxd4 13. Qg7 Rg8 14. Qxd4 Qa5
15. Qxd6 Bd7 16. Kb1 Rc8 17. Ne2 Rc6 18. Qf4 e5 19. Qd2 Be6 20. b3 Ra6 21. a4
bxa3 22. Qxa5 Rxa5 23. d4 exd4 24. Nxd4 Kf8 25. Nxe6+ fxe6 26. Rd8+ Kf7 27. Rxg8
Kxg8 28. Rd1 Nc6 29. c3 Rc5 30. Rc1 Nb4 31. Bf1 Kg7 32. Bc4 a2+ 33. Ka1 Nc6 34.
Bxe6 Ne5 35. Bc4 Nxc4 36. bxc4 Rxc4 37. f3 Ra4 38. Rc2 Ra3 39. f4 a5 40. Rxa2
Rxc3 41. Rxa5 Rc2 42. h4 Rc3 43. Rg5 h6 44. Rg4 Kf6 45. Kb2 Re3 46. Kc2 Rxe4 47.
Kb2 Kf5 48. Rxg6 Kxg6 49. Kc3 Kf5 0-1

[Event "Titled Tue 27th May Late"]
[Site "chess.com INT"]
[Date "2025.05.27"]
[Round "3"]
[White "Danila, Tudor-Gabriel"]
[Black "Grot, Blazej"]
[Result "1-0"]
[WhiteTitle "CM"]
[BlackTitle "CM"]
[WhiteElo "2178"]
[BlackElo "2217"]
[WhiteFideId "1274244"]
[BlackFideId "21835845"]
[EventDate "2025.05.27"]

1. e4 c5 2. c3 d5 3. exd5 Nf6 4. Qa4+ Bd7 5. Qb3 b6 6. Nf3 g6 7. d4 Bg4 8. Ne5
Bf5 9. Bb5+ Nbd7 10. Bg5 Bg7 11. Bxd7+ Nxd7 12. Nc6 Qc7 13. Bxe7 Bf6 14. O-O
Bxe7 15. Re1 O-O 16. Nxe7+ Kh8 17. Nxf5 gxf5 18. Qc2 cxd4 19. Qxf5 Rae8 20. Na3
dxc3 21. Nb5 Qd8 22. Nxc3 Nf6 23. Rxe8 Rxe8 24. h3 Qd6 25. Rd1 Re5 26. Qf3 a6
27. g3 b5 28. h4 b4 29. Ne2 Kg7 30. Nf4 Rf5 31. Qd3 Re5 32. Kg2 h5 33. Qf3 Rf5
34. Qd3 Re5 35. Rd2 Ng4 36. Re2 Qc5 37. Rd2 Qd6 38. Re2 Qc5 39. Rc2 Qd6 40. Qd4
Nf6 41. Nd3 Rf5 42. Nf4 Re5 43. Rd2 Rf5 44. Nh3 Re5 45. Ng5 1-0

[Event "Titled Tue 27th May Late"]
[Site "chess.com INT"]
[Date "2025.05.27"]
[Round "3"]
[White "Puzyrevsky, Semyon"]
[Black "Montiel, Angel Nathanael"]
[Result "1-0"]
[WhiteTitle "FM"]
[BlackTitle "CM"]
[WhiteElo "2253"]
[BlackElo "2011"]
[WhiteFideId "24240931"]
[BlackFideId "3706923"]
[EventDate "2025.05.27"]

1. e4 d6 2. d4 e5 3. Nf3 exd4 4. Nxd4 Nd7 5. Bd3 Ngf6 6. O-O Be7 7. Nc3 O-O 8.
f4 Re8 9. Kh1 Nf8 10. Qf3 Ne6 11. Nf5 Bf8 12. Qg3 Kh8 13. Be3 Nc5 14. Bxc5 Bxf5
15. Bxd6 Qxd6 16. e5 Nh5 17. Qg5 Qg6 18. Qxf5 Qxf5 19. Bxf5 g6 20. Be4 c6 21.
Rad1 Rad8 22. g3 Bb4 23. Ne2 Ng7 24. a3 Bc5 25. Kg2 Ne6 26. c3 Kg7 27. Kf3 f6
28. exf6+ Kxf6 29. Bc2 Kg7 30. Rxd8 Nxd8 31. Nd4 Ne6 32. Nb3 Bb6 33. Rd1 Re7 34.
a4 a5 35. h4 Nc7 36. Be4 Ne6 37. Bd3 Nf8 38. Nd4 Ne6 39. Nc2 Nc5 40. h5 Nxa4 41.
Rb1 Nc5 42. Bc4 Ne4 43. Rd1 gxh5 44. Nd4 Bxd4 45. Rxd4 Nf6 46. f5 Ng4 47. Be6
Kf6 48. Kf4 h6 49. Rd8 Rg7 50. Rb8 Nf2 51. Rf8+ Ke7 52. Rh8 Nd3+ 53. Kf3 Nxb2
54. Rxh6 Rg4 55. Rxh5 Ra4 56. Rh7+ Kd6 57. Rxb7 Ra3 58. Rxb2 Rxc3+ 59. Kf4 a4
60. Rd2+ Ke7 61. Rd7+ Ke8 62. Ra7 a3 63. f6 Rc1 64. Ra8# 1-0

[Event "Titled Tue 27th May Late"]
[Site "chess.com INT"]
[Date "2025.05.27"]
[Round "3"]
[White "Naranjo Moreno, Antonio"]
[Black "Papasimakopoulos, Alexandros"]
[Result "0-1"]
[WhiteTitle "FM"]
[BlackTitle "IM"]
[WhiteElo "2289"]
[BlackElo "2366"]
[WhiteFideId "2278626"]
[BlackFideId "4244125"]
[EventDate "2025.05.27"]

1. e4 e6 2. d4 d5 3. Nc3 Bb4 4. e5 c5 5. a3 Bxc3+ 6. bxc3 Nc6 7. Qg4 g6 8. h4 h6
9. Bd3 c4 10. Be2 Qa5 11. Rh3 Bd7 12. Qf4 Rh7 13. g4 O-O-O 14. a4 Rf8 15. Ba3
Qxa4 16. Qc1 Re8 17. Bc5 Qb5 18. Rb1 Qa5 19. Ra1 Qb5 20. Rb1 Qa6 21. Ra1 Na5 22.
Bb4 b6 23. Qa3 Qb5 24. Bxa5 Qxa5 25. Qxa5 bxa5 26. Rxa5 Kb7 27. Kd2 Ne7 28. Nf3
Nc6 29. Ra3 a5 30. Rh1 Ka6 31. Rb1 Rhh8 32. h5 gxh5 33. gxh5 Rb8 34. Rg1 Rhg8
35. Rg3 Ne7 36. Rxg8 Rxg8 37. Ke3 Rg4 38. Nd2 Rh4 39. Ra1 Nf5+ 40. Kf3 Rxh5 41.
Kg2 Rg5+ 42. Kf3 a4 43. Rh1 Ka5 44. Nb1 Rg6 45. Nd2 f6 46. Kf4 fxe5+ 47. Kxe5
Rg2 48. Rf1 Bc8 49. Bf3 Rh2 50. Bxd5 exd5 51. Kxd5 Ne3+ 52. fxe3 Rxd2 53. e4
Bb7+ 0-1

[Event "Titled Tue 27th May Late"]
[Site "chess.com INT"]
[Date "2025.05.27"]
[Round "3"]
[White "Arabidze, Meri"]
[Black "Calvo Gonzalez, Jose Felix"]
[Result "1-0"]
[WhiteTitle "IM"]
[BlackTitle "CM"]
[WhiteElo "2440"]
[BlackElo "2168"]
[WhiteFideId "13604040"]
[BlackFideId "54505615"]
[EventDate "2025.05.27"]

1. b3 Nf6 2. Bb2 g6 3. g3 Bg7 4. Bg2 O-O 5. Nf3 c5 6. c4 Nc6 7. O-O d6 8. d4 Ne4
9. Nbd2 Nxd2 10. Qxd2 Bg4 11. e3 Qd7 12. d5 Bxf3 13. Bxf3 Ne5 14. Bg2 f5 15. h3
Qc7 16. Rae1 a6 17. f4 Nd7 18. Bxg7 Kxg7 19. e4 fxe4 20. Rxe4 Nf6 21. Re6 b5 22.
Qe2 Rf7 23. Re1 bxc4 24. Rxe7 Rxe7 25. Qxe7+ Qxe7 26. Rxe7+ Kf8 27. Re6 cxb3 28.
axb3 Ne8 29. Bf1 Rb8 30. Bc4 a5 31. Re1 Nc7 32. Ra1 Ra8 33. Kf2 Ne8 34. g4 Nf6
35. Kf3 h5 36. Ra2 Kf7 37. g5 Ng8 38. f5 Ne7 39. f6 Nf5 40. Kf4 Nd4 41. Ra1 Re8
42. Rxa5 Re1 43. Ra7+ Kf8 44. Ra8+ Kf7 45. Ra7+ Kf8 46. Rg7 1-0

[Event "Titled Tue 27th May Late"]
[Site "chess.com INT"]
[Date "2025.05.27"]
[Round "3"]
[White "Carlsson, Ludvig"]
[Black "Khodabandeh, Milad"]
[Result "1-0"]
[WhiteTitle "IM"]
[BlackTitle "CM"]
[WhiteElo "2374"]
[BlackElo "1957"]
[WhiteFideId "1727010"]
[BlackFideId "12538620"]
[EventDate "2025.05.27"]

1. d4 d5 2. c4 c6 3. Nf3 Nf6 4. Nc3 dxc4 5. a4 Bf5 6. Ne5 e6 7. f3 Bb4 8. e4
Bxe4 9. fxe4 Nxe4 10. Bd2 Qxd4 11. Nxe4 Qxe4+ 12. Qe2 Bxd2+ 13. Kxd2 Qd5+ 14.
Kc1 Na6 15. Nxc4 O-O-O 16. h4 Nb4 17. Rh3 Kb8 18. Rb3 c5 19. g3 f6 20. Bg2 Qd4
21. Rc3 e5 22. a5 Rhe8 23. Raa3 e4 24. Kb1 f5 25. Ne3 g6 26. Bf1 Nd3 27. Rc4 Qe5
28. Qh2 Rd4 29. Rac3 Rxc4 30. Rxc4 Rd8 31. Qg2 b5 32. axb6 axb6 33. Bxd3 Rxd3
34. Qf2 Qd6 35. Kc2 Kb7 36. Rc3 Rxc3+ 37. bxc3 Qd3+ 38. Kb2 Qb5+ 39. Kc1 Qd3 40.
Qd2 Qxd2+ 41. Kxd2 Kc6 42. c4 b5 43. cxb5+ Kxb5 44. Kc3 h6 45. h5 gxh5 46. Nxf5
h4 47. Nxh4 Kc6 48. Nf5 Kd5 49. Nxh6 Ke5 50. Ng4+ Kf5 51. Ne3+ Kg5 52. Kc4 Kf6
53. Kxc5 Ke5 54. Kc4 Ke6 55. Kd4 Kf6 56. Kxe4 Ke6 57. Kf4 Kf6 58. g4 Kg6 59. g5
Kg7 60. Kf5 Kf7 61. g6+ Kg7 62. Kg5 Kg8 63. Kf6 Kf8 64. g7+ Kg8 65. Nc2 Kh7 66.
Kf7 1-0

[Event "Titled Tue 27th May Late"]
[Site "chess.com INT"]
[Date "2025.05.27"]
[Round "3"]
[White "Thorhallsson, Simon"]
[Black "Khodko, Yurii N."]
[Result "0-1"]
[WhiteTitle "FM"]
[BlackTitle "FM"]
[WhiteElo "2218"]
[BlackElo "2268"]
[WhiteFideId "2310090"]
[BlackFideId "24264717"]
[EventDate "2025.05.27"]

1. Nf3 Nf6 2. g3 g6 3. b3 Bg7 4. Bb2 O-O 5. Bg2 c5 6. O-O Nc6 7. c4 d6 8. d4
cxd4 9. Nxd4 Bd7 10. Nc3 a6 11. Nd5 Nxd5 12. cxd5 Nxd4 13. Bxd4 Bxd4 14. Qxd4
Rc8 15. Rfc1 Qa5 16. a4 h5 17. h4 Rxc1+ 18. Rxc1 Rc8 19. Rxc8+ Bxc8 20. Bf3 Qc7
21. Kg2 b6 22. Qf4 a5 23. Qe3 Bb7 24. Kh2 Kf8 25. Qd4 Kg8 26. Kg2 Qc5 27. Qd3
Bc8 28. Qe4 Kf8 29. Qb1 Bf5 30. Qb2 Kg8 31. e4 Bd7 32. e5 Bf5 33. exd6 Qxd6 34.
Qc3 e5 35. Qc4 Kg7 36. Be4 Bd7 37. Qc3 f5 38. Bf3 Kf7 39. Kg1 e4 40. Be2 Qc5 41.
Bc4 Qb4 42. Qh8 b5 43. axb5 Bxb5 44. Qh7+ Kf6 45. Qh8+ Kf7 46. Qh7+ Kf6 47. Qh8+
Ke7 48. d6+ Kxd6 49. Qb8+ Kc6 50. Qe8+ Kc5 51. Qe5+ Kb6 52. Qb8+ Kc5 53. Qe5+
Kc6 54. Qe8+ Kd6 55. Qf8+ Ke5 56. Qg7+ Kd6 57. Qf8+ Kc7 58. Qf7+ Bd7 59. Qxg6 e3
60. fxe3 Qe1+ 61. Kh2 Qxe3 62. Qf6 Qf2+ 63. Kh3 f4+ 64. Be6 Qxg3# 0-1

[Event "Titled Tue 27th May Late"]
[Site "chess.com INT"]
[Date "2025.05.27"]
[Round "3"]
[White "Ermolaev, Evgeny"]
[Black "Petrenko, Maryna"]
[Result "1-0"]
[WhiteTitle "FM"]
[BlackTitle "WFM"]
[WhiteElo "2282"]
[BlackElo "2116"]
[WhiteFideId "24103195"]
[BlackFideId "14197820"]
[EventDate "2025.05.27"]

1. d4 d5 2. c4 e6 3. Nf3 c6 4. g3 dxc4 5. Bg2 b5 6. Ne5 Bb7 7. O-O Nd7 8. Nxc6
Qc7 9. Bf4 Bd6 10. Bxd6 Qxd6 11. Na5 Bxg2 12. Kxg2 Qb6 13. b4 Ngf6 14. Nc3 O-O
15. e3 Rad8 16. Qf3 Rfe8 17. Qc6 Rc8 18. Qxb6 axb6 19. Nb7 Rc6 20. Nxb5 Ne4 21.
f3 Nd2 22. Rfd1 c3 23. Nxc3 Nxf3 24. Kxf3 Rxc3 25. Nd6 Ra8 26. a4 Nf6 27. Ne4
Nxe4 28. Kxe4 Rc4 29. Rdb1 Rc2 30. a5 b5 31. h4 Rc4 32. Rb2 f6 33. a6 Ra7 34.
Ra5 Kf7 35. Kd3 Rc6 36. Rba2 Rb6 37. Rc2 Ke7 38. Rc5 Raxa6 39. Rxa6 Rxa6 40.
Rxb5 Ra3+ 41. Ke4 f5+ 42. Kf3 Rb3 43. Rb7+ Kf6 44. b5 h6 45. b6 Rb2 46. h5 Kg5
47. Rxg7+ Kxh5 48. b7 Rb3 49. Re7 Rb6 50. Kf4 Rb5 51. Rg7 Rb6 52. Ke5 Rb3 53.
Kd6 Rxe3 54. b8=Q Rd3 55. Qe8# 1-0

[Event "Titled Tue 27th May Late"]
[Site "chess.com INT"]
[Date "2025.05.27"]
[Round "3"]
[White "Petriashvili, Nikoloz"]
[Black "Mei, Austin"]
[Result "1-0"]
[WhiteTitle "IM"]
[BlackTitle "FM"]
[WhiteElo "2468"]
[BlackElo "2280"]
[WhiteFideId "13611216"]
[BlackFideId "30948479"]
[EventDate "2025.05.27"]

1. Na3 e5 2. c3 Bxa3 3. bxa3 Nf6 4. d4 e4 5. Bg5 h6 6. Bh4 b6 7. e3 Bb7 8. Ne2
d6 9. c4 Nbd7 10. Nc3 Nf8 11. Qc2 g5 12. Bg3 Ng6 13. h4 Qe7 14. hxg5 hxg5 15.
Rxh8+ Nxh8 16. Be2 Ng6 17. a4 Kf8 18. a5 Kg7 19. Qa4 Rh8 20. O-O-O Nh4 21. Rg1
Nf5 22. Kd2 Nxg3 23. fxg3 d5 24. Rf1 Rh2 25. Rf2 Qd6 26. axb6 axb6 27. Qa7 Qxg3
28. Rxf6 Kxf6 29. Qxb7 Rh1 30. Qxd5 Qe1+ 31. Kc2 Qc1+ 32. Kb3 Qxe3 33. Qe5+ Kg6
34. Bf3 Rb1+ 35. Ka4 Qxc3 36. Bxe4+ Kh5 37. Qh2+ Kg4 38. Bf3+ Kf5 39. Qe5+ Kg6
40. Be4+ Kh5 41. Qh2+ Kg4 42. Bf3+ Kf5 43. Qe5+ Kg6 44. Qe4+ f5 45. Qxb1 Qxc4+
46. Ka3 Qc3+ 47. Qb3 Qxd4 48. Qb4 Kg7 49. Qxd4+ Kg6 50. Qd7 g4 51. Bc6 Kg5 52.
Qxc7 1-0

[Event "Titled Tue 27th May Late"]
[Site "chess.com INT"]
[Date "2025.05.27"]
[Round "3"]
[White "Zilberstein, Dmitry"]
[Black "Albertini, Luca"]
[Result "0-1"]
[WhiteTitle "IM"]
[WhiteElo "2358"]
[BlackElo "2139"]
[WhiteFideId "2010739"]
[BlackFideId "847038"]
[EventDate "2025.05.27"]

1. d4 b6 2. e4 Bb7 3. Bd3 e6 4. c3 f5 5. exf5 Nf6 6. Nf3 Bd6 7. fxe6 O-O 8. Be3
Ng4 9. Nbd2 dxe6 10. Bxh7+ Kh8 11. Be4 Bxe4 12. Nxe4 Nd7 13. Nfg5 Ndf6 14. Nxe6
Qe7 15. Nxf6 Rxf6 16. Qxg4 Rxe6 17. O-O Rf8 18. Rae1 Qf7 19. f3 Rg6 20. Qh3+ Kg8
21. Bd2 Qxa2 22. Bc1 c5 23. dxc5 Bxc5+ 24. Kh1 Qc4 25. Qh5 Re6 26. Qg4 Qxg4 27.
fxg4 Rf2 28. b4 Bd6 29. Rd1 Rxf1+ 30. Rxf1 Re2 31. g3 a5 32. bxa5 bxa5 33. Bf4
Bc5 34. Ra1 Bb6 35. h4 Rc2 36. Be5 Kf7 37. Bd4 Bc7 38. h5 Rd2 39. Rf1+ Kg8 40.
Rf5 a4 41. Rc5 Bd6 42. Rc6 Be7 43. Ra6 a3 44. Ra7 Bf8 45. g5 a2 46. h6 gxh6 47.
gxh6 Bxh6 48. Ra8+ Kh7 49. Ra7+ Kg6 50. Ra6+ Kh5 51. Be5 Rd1+ 52. Kg2 a1=Q 53.
g4+ Kxg4 54. Rxa1 Rxa1 55. c4 Ra2+ 0-1

[Event "Titled Tue 27th May Late"]
[Site "chess.com INT"]
[Date "2025.05.27"]
[Round "3"]
[White "Avramidou, Anastasia"]
[Black "Klekowski, Maciej"]
[Result "1-0"]
[WhiteTitle "FM"]
[BlackTitle "GM"]
[WhiteElo "2294"]
[BlackElo "2474"]
[WhiteFideId "4239873"]
[BlackFideId "1132717"]
[EventDate "2025.05.27"]

1. Nf3 d5 2. c4 d4 3. g3 Nc6 4. Bg2 e5 5. O-O Bc5 6. d3 Nge7 7. e3 O-O 8. exd4
exd4 9. Bg5 h6 10. Bxe7 Bxe7 11. Nbd2 Bf5 12. Ne1 Qd7 13. Ne4 Rae8 14. a3 a5 15.
Nc2 a4 16. Nb4 Ne5 17. Nd5 b6 18. Re1 Bd8 19. Qc2 Bg4 20. Nd2 Bf5 21. Ne4 c6 22.
Nb4 Bg4 23. Nd2 c5 24. Nd5 b5 25. f4 Ng6 26. Ne4 bxc4 27. Qxc4 Ba5 28. Nef6+
gxf6 29. Nxf6+ Kg7 30. Nxd7 Bxe1 31. Nxf8 Nxf8 32. Qxa4 Re2 33. Qc6 Bf2+ 34. Kh1
Rxb2 35. a4 Nd7 36. a5 Nf6 37. a6 Bd7 38. Qb7 Rd2 39. a7 Be3 40. a8=Q Ng4 41.
Qf3 Nf2+ 42. Qxf2 Rxf2 43. Qd5 Bb5 44. Qe4 Rd2 45. Qe5+ Kh7 46. Be4+ Kg8 47.
Qb8+ 1-0

[Event "Titled Tue 27th May Late"]
[Site "chess.com INT"]
[Date "2025.05.27"]
[Round "3"]
[White "Rossi, Maximiliano"]
[Black "Winkels, Marcel"]
[Result "1-0"]
[BlackTitle "CM"]
[WhiteElo "2013"]
[BlackElo "1918"]
[WhiteFideId "113425"]
[BlackFideId "1003887"]
[EventDate "2025.05.27"]

1. e4 c5 2. Nf3 d6 3. d4 cxd4 4. Nxd4 Nf6 5. f3 a6 6. c4 e6 7. Nc3 Be7 8. Be2
O-O 9. Be3 Qc7 10. Rc1 Nc6 11. O-O Nxd4 12. Bxd4 Nd7 13. Qe1 Bf6 14. Be3 b6 15.
Qf2 Bb7 16. Rfd1 Rfd8 17. b4 Ne5 18. f4 Nd7 19. g4 h6 20. h4 Rac8 21. g5 hxg5
22. hxg5 Be7 23. Bd3 Qb8 24. Rd2 Nf8 25. f5 d5 26. f6 Bxb4 27. fxg7 Kxg7 28.
exd5 Bxc3 29. Rxc3 exd5 30. Bd4+ Kg8 31. Bf5 Rxc4 32. Rxc4 dxc4 33. Qh4 Rxd4 34.
Rxd4 Qe5 35. Bh7+ Nxh7 36. Rd8+ Nf8 37. Qh6 Qg3+ 38. Kf1 Qf3+ 39. Ke1 Qe3+ 40.
Kd1 Bf3+ 41. Kc2 Be4+ 42. Kd1 Qg1+ 43. Kd2 Qf2+ 44. Kd1 Qf3+ 45. Kc1 Qe3+ 46.
Kd1 Qg1+ 47. Kd2 Qf2+ 48. Kd1 Qc2+ 49. Ke1 Qc1+ 50. Kf2 Qf4+ 51. Ke1 Qc1+ 52.
Kf2 Qf4+ 53. Ke1 Qg3+ 54. Ke2 Qf3+ 55. Ke1 1-0